000 00262nam a2200109Ia 4500
008 220204s9999 xx 000 0 und d
082 _a82-3
_bKAS
100 _aKastle, Herbert
245 4 _aThe World they wanted
260 _aHerts
_bMayflower
_c1975
942 _cBK
999 _c32911
_d32911